000
00245nam a22001217a 4500
082
_a
640 CHA'N
100
_a
CHANEY, M. S
_9
72858
245
_a
NUTRITION
250
_a
5TH
260
_a
NEWYORK
_b
HOUGHTON
_c
1949
300
_a
484P
942
_c
BK
999
_c
578833
_d
578833